000 00576nam a2200145Ia 4500
008 151213s9999 xx 000 0 und d
100 _aকাও্রসার হুসাইন।
245 _aউলিয়াম ব্লেইকেরস্তন্ধ ও অভ্জ্ঞিুার গান।
_cকাও্রসার হুসাইন।
260 _aঢাকা
_bসুপ্রকাশ।
_c1991
300 _a8783 p.
650 _aBangla
650 _aজীবনী।
700 _aকাও্রসার হুসাইন।
999 _c4568
_d4568